[Event "Olympiad"]
[Site "Bled SLO"]
[Date "2002.11.08"]
[Round "13"]
[White "Mortensen,E"]
[Black "Sermek,D"]
[Result "1/2-1/2"]
[WhiteElo "2458"]
[BlackElo "2590"]

1.e4 d5 2.exd5 Qxd5 3.Nc3 Qd6 4.d4 Nf6 5.Nf3 a6 6.Bd3 Bg4 7.O-O Nc6 8.Ne4 Qd5
9.h3 Nxe4 10.hxg4 Nd6 11.c3 O-O-O 12.Qe2 g6 13.Bd2 Bg7 14.Rfe1 Rhe8 15.c4 Qe6
16.Qxe6+ fxe6 17.Bc3 Nf7 18.Re4 e5 19.d5 e6 20.dxc6 Rxd3 21.cxb7+ Kxb7 22.c5 Rd5
23.b4 a5 24.a3 Ra8 25.Rc1 Kc6 26.Rce1 Rb8 27.g5 axb4 28.axb4 Kd7 29.Rh4 Rh8
30.Bd2 Kc6 31.Be3 Kb5 32.g3 h6 33.gxh6 Nxh6 34.Bxh6 Rxh6 35.Rhe4 Rh5 36.Kg2 Bf6
37.g4 Rh7 38.Nxe5 Bxe5 39.Rxe5 Kxb4 40.Rxe6 g5 41.c6 Rf7 42.R1e5 Rd2 43.Re2 Rd5
44.f3 Kc5 45.R2e5 Rg7 46.Rxd5+ Kxd5 47.Rh6 Kd4 48.Kg3 Ke5 49.Kf2 Kd4 50.Rf6 Ke5
51.Rh6 Kd4 52.Kg3 Ke5 53.Kg2 Kd5 54.Kf2 Kd4 55.Rh5 Rg6 56.Kg3 Ke3 57.Rh7 Rxc6
58.Re7+ Kd4 59.Re4+ Kd5 60.Re3 Rc4 61.Re7 Kd6 62.Rg7 Rc5 63.Rg6+ Ke7 64.Kf2 Kf7
65.Rh6 Rc3 66.Ra6 c6 67.Ra5 Kf6 68.Rf5+ Kg6 69.Ke2 Ra3  1/2-1/2

[Event "ch-ROM"]
[Site "Curtea de Arges ROM"]
[Date "2002.11.26"]
[Round "2.2"]
[White "Vajda,L"]
[Black "Ardeleanu,A"]
[Result "1-0"]
[WhiteElo "2576"]
[BlackElo "2360"]

1.e4 d5 2.exd5 Qxd5 3.Nc3 Qd8 4.d4 g6 5.Bc4 Bg7 6.Nf3 Nf6 7.O-O O-O 8.Ne5 Nbd7
9.Qe2 Nb6 10.Bb3 c6 11.Rd1 Nbd5 12.Nb1 a5 13.a4 Bf5 14.Na3 Qc7 15.Nac4 Be6
16.Nf3 Nf4 17.Qe5 Qxe5 18.Nfxe5 Ne2+ 19.Kf1 Nxc1 20.Raxc1 Nd5 21.Re1 Rfd8
22.Rcd1 Nb4 23.c3 Nd5 24.Nd2 Ra6 25.Nd3 Rb6 26.Nc5 Bh6 27.Rxe6 fxe6 28.Nc4 Rxb3
29.Nxb3 b6 30.Re1 Nc7 31.Nc1 Bxc1 32.Rxc1 Rb8 33.Rc2 Kg7 34.Re2 b5 35.Nxa5 bxa4
36.Nxc6 Rb6 37.Ne5 Nd5 38.Nc4 Rc6 39.Na3 Rb6 40.g3 Kf6 41.Ke1 Rb3 42.Nc4 Kf5
43.h4 h5 44.Kd1 a3 45.Nxa3 Nxc3+ 46.bxc3 Rxa3 47.Kd2 Ra6 48.Re5+ Kf6 49.Kd3 Ra2
50.Re2 Ra4 51.Re3 Kf7 52.c4 Ra3+ 53.Ke4 Ra2 54.Rf3+ Ke8 55.Kf4 Rc2 56.Kg5 Rxc4
57.Kxg6 Rxd4 58.Kxh5 e5 59.g4 e4 60.Rf4 Kd7 61.g5 e5 62.Rf7+ Ke6 63.g6 Rd1
64.Rf8  1-0

[Event "Superstars Hotel Bali"]
[Site "Benidorm ESP"]
[Date "2002.11.29"]
[Round "1"]
[White "Polgar,Ju"]
[Black "Kurajica,B"]
[Result "0-1"]
[WhiteElo "2685"]
[BlackElo "2548"]

1.e4 d5 2.exd5 Qxd5 3.Nc3 Qd6 4.d4 Nf6 5.Nf3 a6 6.Ne5 Nc6 7.Nxc6 Qxc6 8.Bf4 Be6
9.Qd3 O-O-O 10.O-O-O g6 11.Be2 Bg7 12.Be5 Rhe8 13.Bf3 Bh6+ 14.Kb1 Qc4 15.Qxc4 Bxc4
16.d5 Nd7 17.Bg3 Bg7 18.Ne4 Nf6 19.Nxf6 Bxf6 20.b3 Bb5 21.Rhe1 Bd7 22.c4 e6
23.d6 e5 24.dxc7 Bf5+ 25.Kc1 Rxd1+ 26.Rxd1 Kxc7 27.Bd5 Bg5+ 28.Kb2 f6 29.f3 Be3
30.b4 g5 31.Be1 Bd4+ 32.Bc3 Bxc3+ 33.Kxc3 e4 34.Re1 exf3 35.Rf1 Re3+ 36.Kd2 Re2+
37.Kc3 fxg2 38.Bxg2 Bg6 39.Bd5 f5 40.a4 f4 41.a5 Be4 42.Kd4 Bxd5 43.Kxd5 Rxh2
44.b5 axb5 45.cxb5 Ra2 46.Rc1+ Kb8 47.Kc5 Re2 48.Rd1 Re5+ 49.Kb6 Re6+ 50.Kc5 Rf6
51.Rd8+ Kc7 52.Rh8 Rf5+ 53.Kb4 Rf7 54.Kc5 b6+ 55.axb6+ Kb7  0-1

[Event "Superstars Hotel Bali"]
[Site "Benidorm ESP"]
[Date "2002.11.30"]
[Round "8"]
[White "Shirov,A"]
[Black "Kurajica,B"]
[Result "1-0"]
[WhiteElo "2699"]
[BlackElo "2548"]

1.e4 d5 2.exd5 Qxd5 3.Nc3 Qd6 4.d4 Nf6 5.Nf3 a6 6.Bd3 Bg4 7.h3 Bh5 8.Ne4 Nxe4
9.Bxe4 Nc6 10.O-O O-O-O 11.c3 Bg6 12.Bxc6 Qxc6 13.Ne5 Qd5 14.Be3 f6 15.Qg4+ e6
16.Nxg6 hxg6 17.Qxg6 Bd6 18.b3 Qf5 19.Qxf5 exf5 20.f3 g5 21.Rae1 Kd7 22.c4 c6
23.Kf2 Rdg8 24.Rd1 f4 25.Bd2 f5 26.Rh1 Rh7 27.Bc3 Kc8 28.d5 c5 29.Rde1 Kd7
30.Be5 Be7 31.Re2 Rh4 32.Rhe1 Bd8 33.Rd1 g4 34.hxg4 fxg4 35.Bxf4 Rf8 36.Bg3 gxf3
37.gxf3 Rh3 38.Re4 Bf6 39.Kg2 Rh7 40.Rg4 Rhf7 41.Rd3 Bd4 42.Bf2 Bxf2 43.Kxf2 Rh8
44.Kg2 Re8 45.a4 Re2+ 46.Kg3 Re1 47.Kf2 Rfe7 48.d6 R1e2+ 49.Kg3 Rf7 50.Rg5 Kc6
51.d7 Rxd7 52.Rxc5+ Kxc5 53.Rxd7 b6 54.Rd3 Re8 55.f4 Rg8+ 56.Kf3 Rf8 57.Kg3 Rg8+
58.Kf2 Rf8 59.Kf3 Kb4 60.Kg3 Kc5  1-0

[Event "TCh-CZE 2002-3"]
[Site "Czech Rep CZE"]
[Date "2002.11.30"]
[Round "3"]
[White "Manik,M"]
[Black "Jirovsky,Pa"]
[Result "1/2-1/2"]
[WhiteElo "2431"]
[BlackElo "2409"]

1.e4 d5 2.exd5 Qxd5 3.Nc3 Qd6 4.d4 Nf6 5.Nf3 a6 6.Bd3 Bg4 7.h3 Bh5 8.Be3 e6
9.Qe2 Be7 10.O-O-O Nc6 11.Ne4 Nxe4 12.Bxe4 Bg6 13.Bxg6 hxg6 14.Kb1 O-O-O
15.Bg5 Rd7  1/2-1/2

[Event "ch-ISR"]
[Site "Tel Aviv ISR"]
[Date "2002.11.30"]
[Round "6"]
[White "Klenburg,M"]
[Black "Bar,R"]
[Result "0-1"]
[WhiteElo "2331"]
[BlackElo "2413"]

1.e4 d5 2.exd5 Qxd5 3.Nc3 Qd6 4.g3 Nf6 5.h3 c6 6.Bg2 Bf5 7.d3 e6 8.Nf3 h6
9.O-O Be7 10.Rb1 O-O 11.b4 Nd5 12.Bd2 Nxc3 13.Bxc3 Nd7 14.b5 Bf6 15.Bxf6 Nxf6
16.bxc6 bxc6 17.Qd2 Qc5 18.Rfe1 Rab8 19.Rb3 Rfd8 20.Ne5 Rxb3 21.axb3 Nd5
22.Nc4 Rd7 23.Ra1 f6 24.Qa5 Qe7 25.Re1 Kf7 26.f4 h5 27.Kh2 Qd8 28.Bf3 h4
29.g4 Bh7 30.Qxd8 Rxd8 31.Na5 Nb4 32.Re2 Rd6 33.Kg2 Nd5 34.Bxd5 cxd5 35.Kf2 Ke7
36.Ke1 g5 37.fxg5 fxg5 38.Kd2 Rb6 39.b4 Kd6 40.Kc3 e5 41.Kb3 e4 42.dxe4 Bxe4
43.c4 Ke5 44.c5 Rf6 45.b5 Rf3+ 46.Kb4 Rxh3 47.c6 Kd6 48.Nb7+ Kc7 49.Nc5 Rh1
50.Ra2 Rb1+ 51.Nb3 Kb8 52.Rf2 h3 53.Rf8+ Kc7 54.Rf7+ Kb8 55.Rb7+ Kc8 56.Rxa7 d4
57.Kc5 Rxb3 58.Ra8+ Kc7 59.b6+ Rxb6 60.Ra7+ Kd8 61.Kxb6 h2 62.c7+ Kc8  0-1

[Event "ch-ISR"]
[Site "Tel Aviv ISR"]
[Date "2002.12.03"]
[Round "9"]
[White "Smirin,I"]
[Black "Kaganskiy,G"]
[Result "1-0"]
[WhiteElo "2683"]
[BlackElo "2315"]

1.e4 d5 2.exd5 Qxd5 3.Nc3 Qd8 4.d4 c6 5.Bc4 Bf5 6.g4 Bg6 7.f4 e6 8.Nf3 Bb4
9.O-O Ne7 10.Ne2 h5 11.f5 exf5 12.gxf5 Bxf5 13.Ne5 O-O 14.Bg5 Qc8 15.c3 Bd6
16.Bxe7 Bxe7 17.Nf4 b5 18.Nfg6 Bg5 19.Qxh5 Be3+ 20.Rf2 Bxg6 21.Nxg6 Bxf2+
22.Kh1 bxc4 23.Ne7+  1-0

[Event "TCh-ESP"]
[Site "Mondariz ESP"]
[Date "2002.12.07"]
[Round "8"]
[White "Llobel Cortell,E"]
[Black "Gonzalez Velez,F"]
[Result "1-0"]
[WhiteElo "2385"]
[BlackElo "2379"]

1.e4 d5 2.exd5 Qxd5 3.Nc3 Qd6 4.d4 Nf6 5.Nf3 a6 6.g3 Bg4 7.h3 Bh5 8.Bg2 Nbd7
9.O-O O-O-O 10.Bf4 Qb6 11.Be3 e6 12.Na4 Qa5 13.c4 e5 14.b4 Bxb4 15.g4 Bg6
16.a3 Bc3 17.Qb3 Bxa1 18.Bd2 Qxa4 19.Qxa4 Bxd4 20.Nxd4 exd4 21.Qa5 Be4 22.Bf4 b6
23.Qxa6+ Kb8 24.c5 Nd5 25.cxb6 Bxg2  1-0

[Event "Friendship A"]
[Site "Roznov CZE"]
[Date "2002.12.09"]
[Round "5"]
[White "Laznicka,V"]
[Black "Kantorik,M"]
[Result "1-0"]
[WhiteElo "2319"]
[BlackElo "2364"]

1.e4 d5 2.exd5 Qxd5 3.Nc3 Qd6 4.d4 Nf6 5.Bc4 Bg4 6.Nge2 e6 7.f3 Bf5 8.Bf4 Qd7
9.Qd2 Bd6 10.O-O-O c6 11.g4 Bg6 12.h4 h6 13.Bxd6 Qxd6 14.Nf4 Bh7 15.g5 Nd5
16.Nh5 Qf8 17.gxh6 gxh6 18.Rhe1 Kd8 19.Ne4 Nd7 20.Kb1 a5 21.a3 b5 22.Ba2 b4
23.a4 Rb8 24.Bb3 Kc7 25.Qh2+ Kb6 26.Nd6 Ra8 27.Nf4 Ka7 28.Nxd5 exd5 29.Nb5+ cxb5
30.Qc7+ Ka6 31.Qc6+  1-0

[Event "Bundesliga 2002-3"]
[Site "Stuttgart GER"]
[Date "2002.12.15"]
[Round "6"]
[White "Golubev,M"]
[Black "Jirovsky,M"]
[Result "0-1"]
[WhiteElo "2528"]
[BlackElo "2457"]

1.e4 d5 2.exd5 Qxd5 3.Nc3 Qd6 4.d4 Nf6 5.Nf3 a6 6.Be3 Bf5 7.Qd2 e6 8.O-O-O Nc6
9.Nh4 Bg6 10.Bf4 Qd7 11.Nxg6 hxg6 12.d5 exd5 13.Nxd5 O-O-O 14.Bc4 Qf5 15.Bg3 Nxd5
16.Bxd5 Be7 17.Rhe1 Bg5 18.f4 Bf6 19.c4 Ne7 20.Be4 Qc5 21.Qc2 Nf5 22.Bf2 Nd4
23.Bxd4 Rxd4 24.Rxd4 Qxd4 25.g3 c6 26.a3 Kc7 27.Kb1 Rd8 28.Ka2 Qc5 29.Bg2 b5
30.Re4 a5 31.Qe2 b4 32.axb4 Qxb4 33.c5 Rd2 34.Rxb4 Rxe2 35.Bf3 Rf2 36.Rb3 a4
37.Rd3 Bxb2 38.h4 f5 39.Bd1 Bd4+ 40.Ka3 Bxc5+ 41.Kxa4 Ra2+ 42.Kb3 Ra3+ 43.Kc4 Rxd3
44.Kxd3 Bf2 45.Bb3 Bxg3 46.Bf7 g5 47.fxg5 Bxh4 48.g6 Kd6 49.Ke3 Ke5 50.Be8 c5
51.Bf7 Bg5+ 52.Kd3 Bh4 53.Be8 Kf4 54.Bb5 Bf2 55.Ke2 Bd4 56.Kf1 Kg5 57.Be8 c4
58.Ke2 Kf4 59.Bd7 Bf6 60.Bb5 c3 61.Bd3 Kg4  0-1

[Event "Salona Rapid 1hr"]
[Site "Solin-Spilt CRO"]
[Date "2002.12.19"]
[Round "16"]
[White "Zelcic,R"]
[Black "Kurajica,B"]
[Result "0-1"]
[WhiteElo "2554"]
[BlackElo "2548"]

1.e4 d5 2.exd5 Qxd5 3.Nc3 Qd6 4.d4 Nf6 5.Nf3 a6 6.Bc4 e6 7.Qe2 b5 8.Bb3 Bb7
9.Bg5 Nbd7 10.O-O-O Nd5 11.Ne4 Qb6 12.Kb1 h6 13.Bc1 Be7 14.Rhe1 O-O-O 15.c4 bxc4
16.Bxc4 N7f6 17.Bxd5 Nxd5 18.Ka1 Nb4 19.a3 Nc6 20.Be3 Qb5 21.Qc2 Na5 22.Bf4 Rd7
23.Ne5 Nb3+ 24.Kb1 Nxd4 25.Rxd4 Rxd4 26.Nxf7 Rc4 27.Nc3 Rf8 28.Qg6 Rxc3 29.Qxe6+ Kb8
30.Qxe7 Qf5+ 31.Ka1 Qxf7 32.Qb4 Rb3 33.Bxc7+ Ka8 34.Qc5 Rb5 35.Qd4 Qxc7  0-1

[Event "Cerrado CEMAR B"]
[Site "Mondariz ESP"]
[Date "2002.12.20"]
[Round "6"]
[White "Serra Olives,T"]
[Black "Teijeiro Barros,A"]
[Result "1-0"]
[WhiteElo "2213"]
[BlackElo "2232"]

1.e4 d5 2.exd5 Qxd5 3.Nc3 Qd8 4.Bc4 Nf6 5.Nge2 Nbd7 6.d4 c6 7.O-O Nb6 8.Bb3 e6
9.Ng3 Be7 10.Nce4 Nxe4 11.Nxe4 O-O 12.c3 Nd7 13.Qe2 c5 14.Rd1 cxd4 15.Rxd4 Qc7
16.Bg5 Bxg5 17.Nxg5 h6 18.Nxf7 Rxf7 19.Qxe6 Ne5 20.Qe8+ Kh7 21.Rd8 h5 22.f4 Ng4
23.Bxf7 Qxf4 24.Qh8+  1-0

[Event "32nd Rilton Cup"]
[Site "Stockholm SWE"]
[Date "2003.01.02"]
[Round "6"]
[White "Hermansson,E"]
[Black "Fries Nielsen,JO"]
[Result "1/2-1/2"]
[WhiteElo "2370"]
[BlackElo "2444"]

1.e4 d5 2.exd5 Qxd5 3.Nc3 Qd6 4.d4 Nf6 5.Nf3 a6 6.Be3 b5 7.g3 Bb7 8.Bg2 e6
9.O-O Nbd7 10.a4 b4 11.Bf4 Qb6 12.a5 Qa7 13.Na4 Bd6 14.Qd2 Rb8 15.Bxd6 cxd6
16.Qf4 Bxf3 17.Bxf3 Qc7 18.c4 bxc3 19.Rfc1 e5 20.dxe5 dxe5 21.Qe3 Qxa5 22.Nxc3  1/2-1/2

[Event "9th Open"]
[Site "Bosnjaci CRO"]
[Date "2003.01.05"]
[Round "4"]
[White "Rosandic,D"]
[Black "Zelcic,R"]
[Result "0-1"]
[WhiteElo "2287"]
[BlackElo "2576"]

1.e4 d5 2.exd5 Qxd5 3.Nc3 Qd6 4.d4 Nf6 5.Be2 a6 6.Bf3 Nc6 7.Nge2 Bf5 8.Bf4 Qd7
9.Qd2 O-O-O 10.Rd1 e6 11.a3 h6 12.h3 g5 13.Bg3 Bd6 14.Bxd6 Qxd6 15.Bxc6 Qxc6
16.O-O Ne4 17.Nxe4 Bxe4 18.f3 Bf5 19.c3 h5 20.Qxg5 Bxh3 21.Qc5 Qxc5 22.dxc5 Bf5
23.Nd4 Bg6 24.f4 Rd5 25.b4 h4 26.Kh2 h3 27.gxh3 Bh5 28.Rde1 Bg4 29.Kg3 Bxh3
30.Rh1 Rdh5 31.Re5 Rg8+ 32.Rg5 Rhxg5+ 33.fxg5 Bf5 34.Kf4 Bg6 35.Ke5 Rd8 36.Kf6 Be4
37.Re1 Bd5 38.g6 fxg6 39.Kxg6 Rg8+ 40.Kf6 Rg3 41.Ke7 Rxc3 42.Rg1 e5 43.Rf1 Kb8  0-1

[Event "32nd Rilton Cup"]
[Site "Stockholm SWE"]
[Date "2003.01.05"]
[Round "9"]
[White "Wedberg,T"]
[Black "Fries Nielsen,JO"]
[Result "1-0"]
[WhiteElo "2530"]
[BlackElo "2444"]

1.e4 d5 2.exd5 Qxd5 3.Nc3 Qd6 4.d4 Nf6 5.Be3 a6 6.Qd2 b5 7.f3 Bb7 8.Bd3 Nbd7
9.Nge2 e6 10.Ne4 Nxe4 11.fxe4 c5 12.c3 Be7 13.O-O O-O 14.Rad1 cxd4 15.cxd4 e5
16.Bc2 Rad8 17.Ng3 g6 18.Kh1 exd4 19.Bxd4 Ne5 20.Qh6 f6 21.Bb3+ Kh8 22.Rf4 Qc7
23.Rh4 Bd6 24.Bb6 Qe7 25.Bxd8 Rxd8 26.Rf4 Bc5 27.Rff1 Nd3 28.Rd2 Bb4 29.Re2 Qe5
30.Bd5 Bc8 31.a3 Bf8 32.Qd2 Nc5 33.Qa5 Be7 34.Rc2 Rf8 35.Rfc1 Qd4 36.Qc7  1-0

[Event "9th Open"]
[Site "Bosnjaci CRO"]
[Date "2003.01.06"]
[Round "7"]
[White "Brkic,A"]
[Black "Rosandic,D"]
[Result "1/2-1/2"]
[WhiteElo "2402"]
[BlackElo "2287"]

1.e4 d5 2.exd5 Qxd5 3.Nc3 Qd6 4.d4 Nf6 5.Nf3 a6 6.g3 b5 7.Bg2 Bb7 8.O-O e6
9.Bf4 Qd8 10.Qe2 Be7 11.Rad1 O-O 12.Rfe1 Nd5 13.Nxd5  1/2-1/2

[Event "XXVIII"]
[Site "Seville ESP"]
[Date "2003.01.14"]
[Round "5"]
[White "Campora,D"]
[Black "Candela Perez,J"]
[Result "1-0"]
[WhiteElo "2505"]
[BlackElo "2432"]

1.e4 d5 2.exd5 Qxd5 3.Nc3 Qd8 4.d4 Nf6 5.Bg5 c6 6.Bxf6 exf6 7.Bc4 Be7 8.Nge2 O-O
9.O-O f5 10.Qd3 Bf6 11.a4 a5 12.Rad1 Na6 13.Bxa6 Rxa6 14.b3 g6 15.Qf3 Re8
16.h3 Qe7 17.Rd3 Bd7 18.Re3 Qd8 19.Rd1 Rxe3 20.fxe3 Ra8 21.e4 fxe4 22.Nxe4 Be7
23.c4 f5 24.Nc5 Be8 25.Nf4 b6 26.Nce6 Qd7 27.d5 Bf6 28.g4 Rc8 29.gxf5 gxf5
30.Nh5 Qf7 31.Nxf6+ Qxf6 32.Nf4 Kh8 33.Qe3 Bd7 34.Kh2 Re8 35.Qxb6 Qb2+ 36.Kh1 Re4
37.Qd8+ Be8 38.Ne6  1-0

[Event "Gibraltar Masters"]
[Site "Catalan Bay ENG"]
[Date "2003.01.30"]
[Round "3"]
[White "Sending,S"]
[Black "Guerrero,C"]
[Result "0-1"]
[WhiteElo "2119"]
[BlackElo "2073"]

1.e4 d5 2.exd5 Qxd5 3.Nc3 Qd6 4.d4 Nf6 5.Bc4 Nc6 6.Nf3 Bg4 7.Be3 O-O-O 8.O-O e6
9.Ne2 Bxf3 10.gxf3 Qb4 11.b3 Qa5 12.c3 Qh5 13.Ng3 Qh4 14.Qd2 Ne5 15.Be2 h6
16.Rfc1 g5 17.c4 g4 18.Qd1 gxf3 19.Bxf3 Nfg4 20.Bxg4 Nxg4 21.Qf3 Qxh2+ 22.Kf1 Qh4
23.Ke2 Nxe3 24.Qxe3 Qxd4  0-1

[Event "Gibraltar Masters"]
[Site "Catalan Bay ENG"]
[Date "2003.01.31"]
[Round "4"]
[White "Gayson,P"]
[Black "Young,M"]
[Result "1-0"]
[WhiteElo "2257"]
[BlackElo "1990"]

1.e4 d5 2.exd5 Qxd5 3.Nc3 Qd6 4.d4 Nf6 5.Nf3 a6 6.Be2 Nc6 7.O-O Bg4 8.h3 Bh5
9.Na4 e6 10.c3 Qd7 11.b4 Be7 12.Bg5 h6 13.Bh4 g5 14.Bg3 Bg6 15.b5 Nd8 16.Ne5 Qc8
17.Nxg6 fxg6 18.bxa6 bxa6 19.Qc2 Rg8 20.Bd3 Kf7 21.Be5 Nd5 22.Qe2 Nf4 23.Qf3 Ke8
24.Bxf4 gxf4 25.Qxf4 Qd7 26.Be4 Rb8 27.Nc5 Bxc5 28.dxc5 Qg7 29.Rad1 g5 30.Qf3  1-0

[Event "FSIMB Feb"]
[Site "Budapest HUN"]
[Date "2003.02.01"]
[Round "1"]
[White "Resika,N"]
[Black "Peredy,F"]
[Result "1/2-1/2"]
[WhiteElo "2184"]
[BlackElo "2311"]

1.e4 d5 2.exd5 Qxd5 3.Nc3 Qd6 4.d4 Nf6 5.Nf3 a6 6.Be2 Nc6 7.Bg5 Bf5 8.Qd2 e6
9.O-O Be7 10.Bf4 Qd8 11.Rfd1 Nb4 12.Rac1 O-O 13.a3 Nbd5 14.Be5 Rc8 15.Nxd5 exd5
16.c4 c6 17.h3 h6 18.Bh2 dxc4 19.Bxc4 Nd5 20.Re1 Bf6 21.Be5 Be6 22.Re2 Qe7
23.Bxd5 Bxd5 24.Qf4 Bg5 25.Nxg5 Qxg5 26.Qxg5 hxg5 27.Bd6 Rfe8 28.Rce1 Rxe2
29.Rxe2 Rd8 30.Be7 Re8 31.Re3 f6 32.Bc5 Rxe3 33.fxe3 Kf7 34.Kf2 Ke6 35.g4 Be4
36.Bf8 g6 37.Bc5 a5 38.Bb6 a4 39.Bd8 b5 40.Kg3 Bd5 41.Kf2 Be4 42.Kg3  1/2-1/2

[Event "Gibraltar Masters"]
[Site "Catalan Bay ENG"]
[Date "2003.02.01"]
[Round "5"]
[White "McShane,L"]
[Black "Lalic,B"]
[Result "1-0"]
[WhiteElo "2568"]
[BlackElo "2547"]

1.e4 d5 2.exd5 Qxd5 3.Nc3 Qd6 4.d4 Nf6 5.Bc4 a6 6.Nge2 Qc6 7.Bb3 Qxg2 8.Rg1 Qh3
9.Bf4 Qd7 10.Qd3 Nc6 11.a3 e6 12.O-O-O Ne7 13.Be5 Ng6 14.Bxf6 gxf6 15.d5 e5
16.Ba4 b5 17.Nxb5 Bh6+ 18.Kb1 O-O 19.Nbc3 Qh3 20.Qc4 Bg7 21.Qxc7 Bg4 22.d6 f5
23.d7 Rad8 24.Rd3 Qh5 25.Re1 Qxh2 26.Qc5 e4 27.Rd5 Nf4 28.Nxf4 Qxf4 29.Ne2 Qb8
30.Nd4 h5 31.c3 Bxd4 32.Qxd4 Qf4 33.Bd1 h4 34.Bxg4 Qxg4 35.f3  1-0

[Event "Gibraltar Masters"]
[Site "Catalan Bay ENG"]
[Date "2003.02.01"]
[Round "5"]
[White "Schmitz,A"]
[Black "Guerrero,C"]
[Result "1/2-1/2"]
[WhiteElo "2131"]
[BlackElo "2073"]

1.e4 d5 2.exd5 Qxd5 3.Nc3 Qd6 4.Bb5+ c6 5.Bc4 Nf6 6.a4 Nbd7 7.a5 Ne5 8.Be2 Ng6
9.d4 h5 10.Nf3 Nf4 11.Bxf4 Qxf4 12.d5 e6 13.dxc6 bxc6 14.Ra4 Qc7 15.O-O Bd6
16.Ne4 Nxe4 17.Rxe4 c5 18.Bb5+ Kf8 19.a6 Rb8 20.Qd3 Rb6 21.h3 Qb8 22.Bc4 Bd7
23.Rd1 Rh6 24.Ng5 Qd8 25.h4 Kg8 26.Re3 Be8 27.b3 Qc7 28.g3 Be7 29.Ne4 Bc6
30.Nd6 Ba8 31.Ne4 Bc6 32.Re2 Rg6 33.Kf1 Rb8 34.Qe3 Ba8 35.Ke1 Qc6 36.Kd2 Rd8+
37.Kc1 Rxd1+ 38.Kxd1 Rg4 39.f3 Rg6 40.Bd3 f5 41.Ng5 Bxg5 42.hxg5 Qxf3 43.Qxc5 Rxg5
44.Qc8+ Kh7 45.Qxe6 Be4 46.Bxe4 fxe4 47.Qxe4+ Qxe4 48.Rxe4 Rxg3 49.b4 Rg6
50.b5 Rd6+ 51.Ke2 Rd7 52.Ra4 Rd8 53.c4 Rb8 54.Kf3 Kg6 55.Kg3 Kf5 56.Ra1 Ke5
57.Rd1 Ke6 58.Kh4 Rc8 59.Rc1 g6 60.Kg5 Kd6 61.Kxg6 h4 62.Kf5 Kc5 63.Kg4 Rh8
64.Kh3 Rh7 65.Ra1 Rh8 66.Ra4 Rh7 67.Ra2 Rh8 68.Kg4 Kxc4 69.Kh3 Kxb5 70.Rb2+ Kxa6
71.Ra2+ Kb6 72.Rb2+ Kc5 73.Rc2+ Kb4 74.Rb2+ Kc3 75.Ra2 Rh7 76.Ra1 Kb2 77.Ra6 Kb3
78.Ra1 Kb4 79.Rb1+ Kc5 80.Rc1+ Kb6 81.Rb1+ Kc7 82.Ra1 Kb8 83.Ra2 Rh6 84.Rb2+ Ka8
85.Rf2 a6 86.Rf7 Rh8 87.Re7 Rh5 88.Rf7 Kb8 89.Kg4 Rh6 90.Kh3 Kc8 91.Re7 Kd8
92.Ra7 Kc8 93.Rf7 Kb8 94.Re7 a5 95.Re5 Ra6 96.Kxh4 a4 97.Kg3 Kc7 98.Kf2 Kd6
99.Rh5 Ra8 100.Ke3 a3 101.Rh1 Kc5 102.Kd3 Rg8 103.Kc2 Rg2+ 104.Kb1 Rb2+ 105.Ka1 Kc4
106.Rh4+ Kc3 107.Rh3+  1/2-1/2

[Event "Gibraltar Masters"]
[Site "Catalan Bay ENG"]
[Date "2003.02.02"]
[Round "6"]
[White "Gullaksen,E"]
[Black "Guerrero,C"]
[Result "0-1"]
[WhiteElo "2354"]
[BlackElo "2073"]

1.e4 d5 2.exd5 Qxd5 3.Nc3 Qd6 4.d4 Nf6 5.Bg5 Bg4 6.f3 Bf5 7.Qd2 Nc6 8.Nb5 Qe6+
9.Kf2 O-O-O 10.c3 Qd7 11.Bc4 a6 12.Na3 e5 13.Ne2 exd4 14.cxd4 Nxd4 15.Qxd4 Qxd4+
16.Nxd4 Bc5 17.Be3 Bxd4 18.Bxd4 Rxd4 19.Bxf7 Rd2+ 20.Kg3 b5 21.Rac1 Rf8 22.Bb3 g5
23.h4 Nh5+ 24.Kh2 Nf4 25.Rhg1 gxh4 26.Nc2 Re8 27.Nb4 Ree2 28.Rce1 Rxg2+ 29.Rxg2 Rxg2+
30.Kh1 h3 31.Rg1 c5 32.Nxa6 c4 33.Bd1 Rxb2 34.Rg5 Bg6 35.a4 Rb1 36.Rxb5 Rxd1+
37.Kh2 Rd2+ 38.Kh1 Ne2 39.Rg5 c3  0-1

[Event "11th Aosta Open"]
[Site "Saint Vincent ITA"]
[Date "2003.02.09"]
[Round "2"]
[White "Jones,G"]
[Black "Drazic,S"]
[Result "1/2-1/2"]
[WhiteElo "2271"]
[BlackElo "2462"]

1.e4 d5 2.exd5 Qxd5 3.Nc3 Qd6 4.d4 Nf6 5.Nf3 a6 6.Ne5 Nc6 7.Nxc6 Qxc6 8.Bf4 Bg4
9.f3 Bf5 10.Bd3 Bxd3 11.Qxd3 e6 12.O-O-O O-O-O 13.Bg5 Be7 14.Rhe1 h6 15.Bxf6 Bxf6
16.Qe4 Qb6 17.Ne2 c5 18.c3 cxd4 19.Nxd4 Bxd4 20.Rxd4 Rxd4 21.Qxd4 Qxd4 22.cxd4 Rd8
23.Re4 Kd7 24.Kd2 Rc8 25.h4 Kd6 26.h5 f6 27.Kd3 Kd5 28.Re1 b5 29.a3 a5 30.Re4 Rc7
31.g3 b4 32.axb4 axb4 33.Re1 Rc4 34.Re4 Rc1 35.Rg4 Rc7 36.Re4 b3 37.Re2 Rc1
38.g4 Rc6 39.Rd2 Rc4 40.Ke3 Rc1 41.Kd3 Rf1 42.Ke2 Rb1 43.Kd3 Rc1 44.Re2 Rc7
45.Rd2 Rc8 46.Re2 Rc1 47.Rd2 Rf1 48.Re2 Rh1 49.Ke3 Rh3 50.Rd2 Kc4 51.d5 exd5
52.Rd4+ Kc5 53.Rd3 f5 54.gxf5 Rxh5 55.Kf4 Kc4 56.Rc3+ Kb4 57.Rc7 Rg5 58.Rb7+ Kc4
59.Rc7+ Kd4 60.Rc3 Rg2 61.Rxb3 h5 62.Rb8 h4 63.Rh8 Rxb2 64.Rxh4 Re2 65.Rh7 Rg2
66.Rh8 g5+ 67.fxg6 Rxg6 68.Kf5 Rg7 69.Ke6 Rg6+ 70.Kf7 Rg1 71.Rd8 Kc4 72.f4 d4
73.Rc8+ Kd3 74.Ke6 Re1+ 75.Kd5 Rf1 76.Rf8 Ra1 77.f5 Ra5+ 78.Ke6 Ke4 79.f6 Ra6+
80.Kf7 Kf5 81.Kg7 d3 82.Rd8  1/2-1/2

[Event "11th Aosta Open"]
[Site "Saint Vincent ITA"]
[Date "2003.02.15"]
[Round "8"]
[White "Drazic,S"]
[Black "Zelcic,R"]
[Result "1/2-1/2"]
[WhiteElo "2462"]
[BlackElo "2576"]

1.e4 d5 2.exd5 Qxd5 3.Nc3 Qd6 4.d4 Nf6 5.Nf3 a6 6.g3 b5 7.Bg2 Bb7 8.O-O e6
9.Ne5 Bxg2 10.Kxg2 b4 11.Qf3 c6 12.Ne4 Qd5 13.Re1 Nbd7 14.Bg5 Rc8 15.c4 bxc3
16.bxc3 Nxe5 17.dxe5 Nxe4 18.Rxe4 c5 19.Rd1 Qc6 20.Qd3 Be7 21.Bxe7 Kxe7 22.Qd6+ Qxd6
23.Rxd6 Ra8 24.Ra4 Rhd8 25.Rc6 Rd2 26.Rc7+ Rd7 27.Rxc5 Raa7 28.Kf3 Rd2 29.Ke3 Rad7
30.Rxa6 f5 31.exf6+ gxf6 32.Kf3 R7d3+ 33.Kg2 f5 34.Re5 Rd6 35.Rxd6 Kxd6 36.Ra5 Rc2
37.Ra7 Rxc3 38.Rxh7 Ra3 39.Rf7 Rxa2 40.h4 Ra8 41.Kh3 Ra2 42.f3 Ra3 43.Kg2 Ra2+
44.Kh3 Ra3 45.f4 Ra1 46.Kg2 Ra2+ 47.Kf3 Ra3+ 48.Kg2 Ra2+ 49.Kh3 Ra1 50.Rf6 Kd5
51.Rh6 Ke4 52.h5 e5 53.fxe5 Kxe5 54.Kh4 Ra4+ 55.Kh3 Ra1  1/2-1/2

[Event "Open"]
[Site "Cappelle la Grande FRA"]
[Date "2003.02.24"]
[Round "3"]
[White "Bijaoui,M"]
[Black "Hasangatin,R"]
[Result "0-1"]
[WhiteElo "2197"]
[BlackElo "2523"]

1.e4 d5 2.exd5 Qxd5 3.Nc3 Qd6 4.d4 Nf6 5.Be2 Nc6 6.Nb5 Qd7 7.Bf4 Nd5 8.Bg3 a6
9.Na3 e6 10.Nc4 Bb4+ 11.Kf1 b5 12.Ne5 Nxe5 13.dxe5 Bb7 14.Nf3 Be7 15.h4 c5
16.h5 h6 17.c3 Nb6 18.Qxd7+ Kxd7 19.Nd2 Na4 20.Rb1 Rad8 21.Bf3 Kc7 22.Ke2 Bg5
23.Rhd1 Bxd2 24.Rxd2 Rxd2+ 25.Kxd2 Bxf3 26.gxf3 Nb6 27.Bf4 Kc6 28.Kc2 Nd5
29.Be3 Ne7 30.Rd1 Nf5 31.b4 cxb4 32.cxb4 g6 33.hxg6 fxg6 34.Rg1 Rg8 35.Kd3 h5
36.Ke4 h4 37.Bg5 Rg7 38.Be3 Kb7 39.a3 Kc6 40.Rc1+ Kd7 41.Bg5 Rh7 42.Rd1+ Kc7
43.Rc1+ Kb7 44.Rg1 Rc7 45.Be3 h3 46.Rh1 Rc4+ 47.Kd3 Rh4 48.Bg5 Rh5 49.f4 h2
50.Bd8 Kc6 51.Ke4 Rh3 52.Ba5 Nh6 53.Rc1+ Kb7  0-1

[Event "Open"]
[Site "Cappelle la Grande FRA"]
[Date "2003.02.28"]
[Round "8"]
[White "Morawietz,D"]
[Black "Sulava,N"]
[Result "1-0"]
[WhiteElo "2374"]
[BlackElo "2535"]

1.e4 d5 2.exd5 Qxd5 3.Nc3 Qd6 4.d4 Nf6 5.Nf3 a6 6.g3 Bg4 7.Bg2 Nc6 8.Bf4 Qe6+
9.Be3 Qc4 10.h3 Bh5 11.g4 Bg6 12.d5 Na5 13.Nd2 Qb4 14.Nb3 Nxb3 15.axb3 h5
16.g5 Ne4 17.Bxe4 Bxe4 18.Ra4 Qxa4 19.bxa4 Bxh1 20.Kf1 O-O-O 21.f3 e6 22.Kg1 exd5
23.Bf4 Bd6 24.Bxd6 Rxd6 25.Kxh1 Re8 26.Kg2 c6 27.h4 Rde6 28.Qd4 f6 29.b4 g6
30.gxf6 Rf8 31.Nxd5 Rd6 32.Qa7 Rf7 33.Qa8+  1-0

[Event "ch-RUS w 1st League"]
[Site "Serpukhov RUS"]
[Date "2003.02.28"]
[Round "9"]
[White "Grunina,N"]
[Black "Mashinskaya,I"]
[Result "0-1"]
[WhiteElo "2116"]
[BlackElo "2242"]

1.e4 d5 2.exd5 Qxd5 3.Nc3 Qd6 4.d4 Nf6 5.Nf3 a6 6.Ne5 Nc6 7.Bf4 Qxd4 8.Nxc6 Qxd1+
9.Rxd1 bxc6 10.Bxc7 Bd7 11.Bc4 e6 12.O-O Nd5 13.Bg3 Bb4 14.Na4 O-O 15.a3 Be7
16.Bb3 Ra7 17.c4 Nf6 18.Bd6 Bxd6 19.Rxd6 Rb8 20.Nc5 Be8 21.Rfd1 Kf8 22.f3 Ke7
23.R6d3 Nd7 24.Na4 f6 25.c5 Bg6 26.Re3 Rxb3 27.Rxb3 Bc2 28.Rdd3 Bxd3 29.Rxd3 a5
30.f4 Rb7 31.Rd6 Nb8 32.Rd3 Na6 33.Rh3 h6 34.Rg3 Kf7 35.Rc3 Rb8 36.Rc2 g6
37.Kf2 e5 38.fxe5 fxe5 39.Ke3 Ke6 40.Ke4 Nb4 41.axb4 Rxb4+ 42.Ke3 Rxa4 43.Rd2 Rb4
44.g3 h5 45.h3 g5 46.Rd6+ Kf5 47.Rxc6 Rb3+ 48.Kf2 Rxb2+ 49.Ke3 Rb3+ 50.Kf2 Rc3
51.Rc8 Ke4 52.c6 Rc2+ 53.Ke1 a4 54.c7 a3 55.Ra8 Rxc7 56.Rxa3 Rc2 57.Ra4+ Kd3
58.Ra3+ Rc3 59.Ra5 Ke4 60.Kf2 Rc2+ 61.Kf1 Rd2  0-1

[Event "X Anibal Open"]
[Site "Linares ESP"]
[Date "2003.03.01"]
[Round "2"]
[White "Kotronias,V"]
[Black "Candela Perez,J"]
[Result "1-0"]
[WhiteElo "2573"]
[BlackElo "2432"]

1.e4 d5 2.exd5 Qxd5 3.Nc3 Qd8 4.d4 Nf6 5.Nf3 c6 6.Bc4 Bf5 7.Ne5 e6 8.g4 Bg6
9.h4 Bb4 10.f3 Nd5 11.Bxd5 cxd5 12.Qe2 Qc8 13.Bd2 Nc6 14.Nb5 Be7 15.Bf4 Nxe5
16.Bxe5 f6 17.Nc7+ Kf7 18.Bf4 e5 19.dxe5 fxe5 20.Qxe5 Rd8 21.O-O-O Bf6 22.Qe2 Qd7
23.h5 Bxc2 24.Qxc2 Rac8 25.Kb1  1-0